Statistics for Every The Chainsmokers song that hit the Billboard hot 100

Click here to take the quiz!

General Stats

  • This quiz has been taken 20 times
  • The average score is 6 of 10

Answer Stats

Peak Chart PositionYearSong% Correct
12016Closer
94%
32016Don't Let Me Down
94%
162012#SELFIE
76%
32017Something Just Like This
71%
62017Paris
71%
62016Roses
65%
782017The One
47%
772017Honest
41%
182016All We Know
35%
712016Setting Fires
18%

Score Distribution

Percentile by Number Answered

Percent of People with Each Score

Your Score History

You have not taken this quiz